Πως να μάθωμε γράμματα σ'όσους δεν ξέρουν
Αποθηκεύτηκε σε:
| Κύριος συγγραφέας: | |
|---|---|
| Μορφή: | Βιβλίο |
| Γλώσσα: | Greek |
| Δημοσίευση: |
Αθήναι :
[χ.ο.],
1955.
|
| Σειρά: | (Σύνδεσμος για τα δικαιώματα της γυναίκας (1920) ;
1) |
| Θέματα: | |
| Ετικέτες: |
Προσθήκη ετικέτας
Δεν υπάρχουν, Καταχωρήστε ετικέτα πρώτοι!
|
MARC
| LEADER | 00000nam a2200000 a 4500 | ||
|---|---|---|---|
| 001 | 1/125717 | ||
| 008 | 221220s1955####gr | ||| |||| ||gre|| | ||
| 040 | |a GR-MyUa |b gre |c GR-MyUa |e AACR2 | ||
| 041 | 0 | |a gre | |
| 082 | 7 | |a 372.19 |2 (23) | |
| 100 | 1 | |a Λαζαρίδης, Κώστας Π., |d 1904- | |
| 245 | 1 | 3 | |a Πως να μάθωμε γράμματα σ'όσους δεν ξέρουν / |c Κώστα Π. Λαζαρίδη. |
| 260 | |a Αθήναι : |b [χ.ο.], |c 1955. | ||
| 300 | |a 40 σ. : |b εικ., πίν. ; |c 21 εκ. | ||
| 490 | 0 | |a (Σύνδεσμος για τα δικαιώματα της γυναίκας (1920) ; |v 1) | |
| 504 | |a Περιέχει βιβλιογραφία. | ||
| 650 | 0 | |a Literacy |z Greece. | |
| 650 | 0 | |a Education |x Study and teaching |z Greece. | |
| 650 | 0 | |a Activity programs in education |z Greece. | |
| 852 | |a INST |b RHODES |e 20221220 |h 372.19 ΛΑΖ |p 005400043184 |q 005400043184 |t BK |y 0 | ||
| 970 | |a Σιδερή |b Νεκταρία |z 2022-12-20 | ||